Shrinking Cities in North Carolina - Statistics

General Stats
  • This quiz has been taken 10 times
  • The average score is 5 of 10
Answer Stats
Population Growth Rate (%) City % Correct
19,025 -12 Lumberton
83%
54,341 -6.0 Rocky Mount
83%
47,851 -2.7 Wilson
83%
15,060 -3.4 Henderson
67%
18,631 -0.1 Elizabeth City
50%
33,657 -5.1 Goldsboro
50%
15,229 -3.2 Roanoke Rapids
50%
19,900 -8.8 Kinston
33%
15,421 -1.8 Eden
17%
16,621 -22 Havelock
17%
No matching quizzes found
Score Distribution
Percent of People with Each Score
Percentile by Number Answered
Your Score History
You have not taken this quiz